| Поле | Инд. | ПП | Название | Значение |
|---|---|---|---|---|
| Тип записи | a | |||
| Библиографический уровень | b | |||
| 001 | Контрольный номер | RU/IS/BASE/335380739 | ||
| 005 | Дата корректировки | 20220420165115.8 | ||
| 008 | Кодируемые данные | 20100817 | ||
| 040 | b | Код языка каталог. | rus | |
| e | Правила каталог. | PSBO | ||
| 041 | 0_ | a | Код языка текста | rus |
| 084 | a | Индекс другой классификации/Индекс ББК | 67.022.12; 67.400.1(2Рос) | |
| 100 | 1_ | a | Автор | Джоусе-Иванина М. |
| 245 | 10 | a | Заглавие | К вопросу о классификации нормативно-правовых актов |
| 504 | a | Библиография | Примеч. - Лит.: 5 назв. | |
| 650 | 04 | a | Основная рубрика | конституционное право (государственное право) |
| a | Основная рубрика | право | ||
| a | Основная рубрика | теория права | ||
| 653 | 0_ | a | Ключевые слова | законы |
| a | Ключевые слова | источники права | ||
| a | Ключевые слова | Конституция РФ | ||
| a | Ключевые слова | нормативно-правовые акты | ||
| a | Ключевые слова | подзаконные акты | ||
| a | Ключевые слова | Россия | ||
| a | Ключевые слова | субъекты РФ | ||
| a | Ключевые слова | федеральное законодательство | ||
| 773 | 08 | t | Заглавие источника | Вестник Московского университета. Серия 11, Право |
| d | Дата издания источника | 2010 | ||
| g | Прочая информация | № 2. - С. 86 - 97 | ||
| w | Контрольный № источника | RU/IS/BASE/328719420 | ||
| 901 | t | Тип документа | b |